El millonario y la bailarina (Record no. 125183)

MARC details
000 -LEADER
campo de control de longitud fija 00905nam a2200241 i 4500
001 - NÚMERO DE CONTROL
campo de control 125183
003 - IDENTIFICADOR DE NÚMERO DE CONTROL
campo de control ES-MaACL
005 - FECHA Y HORA DE LA ÚLTIMA TRANSACCIÓN
campo de control 20230906192555.0
007 - CAMPO FIJO DE DESCRIPCIÓN FÍSICA--INFORMACIÓN GENERAL
campo de control de longitud fija t|
008 - DATOS DE LONGITUD FIJA--INFORMACIÓN GENERAL
campo de control de longitud fija 070507s1930 sp ||||1| spa d
080 ## - NÚMERO DE LA CLASIFICACIÓN DECIMAL UNIVERSAL
Número de la Clasificación Decimal Universal 86-221"19"
100 1# - ENTRADA PRINCIPAL--NOMBRE DE PERSONA
Nombre de persona Millán Astray, Pilar,
Fechas asociadas al nombre 1879-1949
9 (RLIN) 81141
245 13 - MENCIÓN DEL TÍTULO
Título El millonario y la bailarina
Resto del título : comedia en tres actos /
Mención de responsabilidad, etc. Pilar Millán Astray ; dibujos de Almada.
260 ## - PUBLICACIÓN, DISTRIBUCIÓN, ETC.
Lugar de publicación, distribución, etc. Madrid :
Nombre del editor, distribuidor, etc. Rivadeneyra,
Fecha de publicación, distribución, etc. 1930.
300 ## - DESCRIPCIÓN FÍSICA
Extensión 63 p. ;
Dimensiones 17 cm.
490 1# - MENCIÓN DE SERIE
Mención de serie La Farsa ;
Designación de volumen o secuencia 143
500 ## - NOTA GENERAL
Nota general Estrenada en Barcelona, 19 de Julio de 1929, y en Madrid el día 25 de Abril de 1930, en el teatro Infanta Isabel.
500 ## - NOTA GENERAL
Nota general Cubierta de este número: Angelina Vilar en El millonario y la bailarina.
700 1# - ENTRADA AGREGADA--NOMBRE PERSONAL
Nombre de persona Almada Negreiros, José de.
9 (RLIN) 20067
830 0# - PUNTO DE ACCESO ADICIONAL DE SERIE-TÍTULO UNIFORME
Título uniforme La Farsa ;
Designación de volumen o secuencia 143
9 (RLIN) 185863
852 ## - LOCALIZACIÓN
Ubicación ES-MaACL
Número de control de estantería 2222-F-10
Sublocalización o colección R.140727
Holdings
Estatus retirado Estado de pérdida Estado de daño No para préstamo Colección Biblioteca de origen Biblioteca actual Ubicación en estantería Fecha de adquisición Fuente de adquisición Total de préstamos Signatura topográfica completa Código de barras Visto por última vez Precio de reemplazo Tipo de ítem Koha
        Colección de folletos Biblioteca del Ateneo de Madrid Biblioteca del Ateneo de Madrid Depósito folletos 17/01/2008     2222-F-10 1130417 23/02/2023 23/02/2023 Folleto